[Event "Open Sud 2010/2011"]
[Site "Marseille Echecs"]
[Date "2010.12.04"]
[Round "1"]
[White "Deregnaucourt, Yves"]
[Black "Savalle, Nicolas"]
[Result "1-0"]
[WhiteElo "1756"]
[BlackElo "1480"]
[PlyCount "57"]
[EventDate "2010.??.??"]

1. e4 Nf6 2. Nc3 e5 3. Bc4 Bb4 4. Nf3 Bxc3 5. dxc3 d6 6. Qe2 h6 7. b3 Bg4 8. h3
Bh5 9. Ba3 Bg6 10. Bd3 Qd7 11. Rd1 a6 12. c4 Qc6 13. Nd2 Qb6 14. O-O Bh5 15.
Nf3 Bxf3 16. Qxf3 Qa5 17. Bc1 Qxa2 18. Qg3 g5 19. f4 exf4 20. Bxf4 gxf4 21. Qg7
Rg8 22. Qxf6 Rg6 23. Qh8+ Ke7 24. Ra1 Qxa1 25. Qxa1 Nc6 26. e5 Re6 27. exd6+
Kxd6 28. Qa3+ Kd7 29. Bf5 1-0

[Event "Open Sud 2010/2011"]
[Site "Marseille Echecs"]
[Date "2010.12.04"]
[Round "1"]
[White "Moulin, Gerard"]
[Black "Fenoul, Julien"]
[Result "1-0"]
[WhiteElo "1460"]
[BlackElo "1710"]
[PlyCount "123"]
[EventDate "2010.??.??"]

1. c4 e6 2. Nc3 b6 3. Nf3 Bb7 4. e3 Nf6 5. d4 d5 6. cxd5 Nxd5 7. Bb5+ c6 8.
Nxd5 Qxd5 9. Be2 Nd7 10. O-O Bd6 11. Nd2 Bc7 12. Bf3 Qd6 13. g3 b5 14. Ne4 Qe7
15. Qc2 Bb6 16. Bg2 Rc8 17. Nd2 Nf6 18. Nb3 O-O 19. Bd2 Rc7 20. Nc5 e5 21. Nxb7
Rxb7 22. dxe5 Qxe5 23. Bc3 Qe6 24. Rfd1 Rc7 25. Bxf6 Qxf6 26. Rd4 c5 27. Rad1
Re7 28. b3 Rfe8 29. Rd6 Re6 30. Bc6 Rxd6 31. Rxd6 Qxd6 32. Bxe8 a6 33. Qf5 Qe6
34. Qxe6 fxe6 35. Bc6 Kf7 36. Be4 h6 37. Bd3 Kf6 38. Kf1 Ke5 39. Ke2 Kd5 40. f3
c4 41. bxc4+ bxc4 42. Be4+ Kc5 43. a3 Ba5 44. Kd1 Kb5 45. Bc2 Bc3 46. f4 Kc5
47. Ke2 Bb2 48. a4 Kb4 49. Kd1 Kc3 50. e4 Kd4 51. Ke2 Kc3 52. Bd1 Ba1 53. f5 e5
54. g4 Kb2 55. h4 Kc1 56. g5 c3 57. Ke1 c2 58. Bxc2 Kxc2 59. f6 Bc3+ 60. Ke2
gxf6 61. gxh6 f5 62. h7 1-0

[Event "Open Sud 2010/2011"]
[Site "Marseille Echecs"]
[Date "2010.12.04"]
[Round "1"]
[White "Panagiotopoulos, Christos"]
[Black "Ouahhoud, Amine"]
[Result "1-0"]
[WhiteElo "1680"]
[BlackElo "1460"]
[PlyCount "53"]
[EventDate "2010.??.??"]

1. e4 e6 2. d4 d5 3. exd5 exd5 4. Nf3 Bg4 5. h3 Bh5 6. Be2 Nf6 7. Bg5 Nbd7 8.
O-O h6 9. Bh4 Bd6 10. Re1 c6 11. Bd3+ Kf8 12. g4 Bg6 13. Bxg6 fxg6 14. Ne5 g5
15. Bg3 Bxe5 16. dxe5 Ne4 17. Qf3+ Ke7 18. Rxe4 dxe4 19. Qxe4 Nc5 20. Qe2 Qb6
21. b3 Ne6 22. Na3 Rhf8 23. Nc4 Qc5 24. Rd1 Nf4 25. Bxf4 Rxf4 26. Qd2 Raf8 27.
Qd7# 1-0

[Event "Open Sud 2010/2011"]
[Site "Marseille Echecs"]
[Date "2010.12.04"]
[Round "1"]
[White "Ouahhoud, Yassine"]
[Black "Tchifteyan, Philippe"]
[Result "0-1"]
[WhiteElo "1430"]
[BlackElo "1669"]
[PlyCount "116"]
[EventDate "2010.??.??"]

1. e4 c5 2. Nf3 Nc6 3. d4 cxd4 4. Nxd4 d6 5. Nc3 Nf6 6. Be3 Bg4 7. f3 Bh5 8.
Qd2 a6 9. O-O-O e6 10. g4 Bg6 11. h4 h6 12. Bd3 Nd7 13. Nde2 Nde5 14. Rhf1 Nb4
15. a3 Nbxd3+ 16. cxd3 Be7 17. d4 Nc4 18. Qd3 Nxe3 19. Qxe3 Bxh4 20. Kb1 O-O
21. Rh1 d5 22. Ka1 dxe4 23. Nxe4 Bxe4 24. fxe4 Bg5 25. Nf4 Qc7 26. e5 Rae8 27.
Qe4 b5 28. d5 exd5 29. Rxd5 Bxf4 30. Qxf4 f6 31. Rc1 Qb8 32. Qe3 Rxe5 33. Qb3
Rxd5 34. Qxd5+ Kh8 35. Qd7 Qe5 36. Rc8 Rxc8 37. Qxc8+ Kh7 38. Qc2+ g6 39. Qc6
h5 40. gxh5 gxh5 41. Qxa6 h4 42. Qb7+ Kh6 43. Qh1 Kg5 44. Qg2+ Qg3 45. Qd5+ Qe5
46. Qd2+ Kg4 47. Qg2+ Qg3 48. Qe4+ Kg5 49. Qd5+ f5 50. Qg8+ Kf4 51. Qb8+ Kf3
52. Qb7+ Kf2 53. Qb6+ Kg2 54. Qc6+ Qf3 55. Qc2+ Qf2 56. Qc6+ Kg1 57. Qg6+ Kh2
58. Qd6+ f4 0-1

[Event "Open Sud 2010/2011"]
[Site "Marseille Echecs"]
[Date "2010.12.04"]
[Round "1"]
[White "Bossy, Romain"]
[Black "Derige, Yan"]
[Result "1/2-1/2"]
[WhiteElo "1630"]
[BlackElo "1420"]
[PlyCount "112"]
[EventDate "2010.??.??"]

1. e4 e5 2. Nf3 Nc6 3. Bc4 Bc5 4. d3 Nf6 5. Nc3 d6 6. Bg5 Be6 7. Bxe6 fxe6 8.
Na4 O-O 9. Nxc5 dxc5 10. Qd2 Qe7 11. Qc3 b6 12. Nxe5 Nxe5 13. Qxe5 Qf7 14. f3
Rac8 15. O-O-O h6 16. Bd2 Rfe8 17. g4 Nd7 18. Qg3 e5 19. b3 b5 20. g5 h5 21. f4
exf4 22. Bxf4 c4 23. Bxc7 cxd3 24. Rhf1 Qe6 25. Rxd3 Qc6 26. Rc3 Nc5 27. b4
Qxc7 28. bxc5 Qe7 29. Re1 Rxc5 30. Rxc5 Qxc5 31. e5 Qc4 32. Qb3 Qxb3 33. axb3
Kf7 34. c4 Rc8 35. e6+ Ke7 36. Re4 Rc6 37. Kd2 bxc4 38. bxc4 Rxe6 39. Rxe6+
Kxe6 40. Kc3 Kd6 41. Kb4 Kc6 42. c5 a5+ 43. Kxa5 Kxc5 44. h4 g6 45. Ka4 Kd5 46.
Kb4 Ke5 47. Kc4 Kf5 48. Kd4 Kg4 49. Ke5 Kxh4 50. Kf6 Kg4 51. Kxg6 h4 52. Kf6 h3
53. g6 h2 54. g7 h1=Q 55. g8=Q+ Kf4 56. Qg5+ Ke4 1/2-1/2

[Event "Open Sud 2010/2011"]
[Site "Marseille Echecs"]
[Date "2010.12.04"]
[Round "1"]
[White "Danielian, Kevin"]
[Black "Cheraki, Roger"]
[Result "1-0"]
[WhiteElo "1290"]
[BlackElo "1630"]
[PlyCount "123"]
[EventDate "2010.??.??"]

1. d4 d5 2. c4 c6 3. Nc3 Nf6 4. Bg5 e6 5. Nf3 Bb4 6. e3 O-O 7. Qc2 Nbd7 8. cxd5
cxd5 9. Bd3 h6 10. h4 hxg5 11. hxg5 Bxc3+ 12. bxc3 Ne4 13. Bxe4 dxe4 14. Qxe4
Re8 15. Qh7+ Kf8 16. Qh8+ Ke7 17. Qxg7 Qc7 18. Kd2 Qa5 19. Rh7 Qf5 20. g6 Rf8
21. Rah1 b6 22. gxf7 Ba6 23. Qg5+ Qxg5 24. Nxg5 Rad8 25. R1h6 Bc4 26. a3 Ne5
27. Ke1 Nxf7 28. Rxf7+ Rxf7 29. Nxf7 Kxf7 30. Rh7+ Kf6 31. Rxa7 Rh8 32. Rc7
Rh1+ 33. Kd2 b5 34. a4 Ra1 35. axb5 Bxb5 36. c4 Be8 37. c5 Ra2+ 38. Ke1 Kf5 39.
Rc8 Bb5 40. c6 Rc2 41. c7 Ba6 42. Rf8+ Ke4 43. Re8 Kd5 44. Re7 Kd6 45. Rg7 Rxc7
46. Rxc7 Kxc7 47. Kd2 Kd6 48. e4 Bb7 49. Ke3 Ba6 50. g4 Ke7 51. f4 Kf7 52. d5
Bc8 53. d6 Bd7 54. Kd4 Kg6 55. Ke5 Kf7 56. f5 exf5 57. gxf5 Kf8 58. Kf6 Bc6 59.
e5 Ke8 60. e6 Bd7 61. exd7+ Kxd7 62. Kg7 1-0

[Event "Open Sud 2010/2011"]
[Site "Marseille Echecs"]
[Date "2010.12.04"]
[Round "1"]
[White "Andrieu, Luc"]
[Black "Druel, Patrice"]
[Result "1-0"]
[WhiteElo "1499"]
[BlackElo "1290"]
[PlyCount "83"]
[EventDate "2010.??.??"]

1. d4 Nf6 2. c4 e6 3. Nc3 Be7 4. Nf3 h6 5. Bf4 d6 6. e3 O-O 7. Qc2 Nc6 8. a3 d5
9. O-O-O a6 10. Bd3 Na5 11. Ne5 dxc4 12. Nxc4 c6 13. Nxa5 Qxa5 14. e4 e5 15.
Bxe5 g6 16. h3 Bd7 17. Bf4 Kg7 18. g4 g5 19. Be3 Rh8 20. f4 Rac8 21. fxg5 hxg5
22. Qd2 Nh7 23. e5 c5 24. Bxh7 Rxh7 25. dxc5 Rd8 26. Bd4 Bc6 27. Rh2 Rh6 28.
e6+ f6 29. Qe3 Qc7 30. Rdd2 Rg6 31. h4 Kg8 32. hxg5 Rxg5 33. Qh3 Kf8 34. Qh6+
Ke8 35. Bxf6 Qf4 36. Qh8+ Bf8 37. e7 Qf1+ 38. Kc2 Ba4+ 39. Nxa4 Qc4+ 40. Nc3
Rxd2+ 41. Rxd2 Qxc5 42. Qxf8# 1-0

[Event "Open Sud 2010/2011"]
[Site "Marseille Echecs"]
[Date "2010.12.04"]
[Round "1"]
[White "Bertrand, Nicolas"]
[Black "Kaftandjian, Patrick"]
[Result "1/2-1/2"]
[WhiteElo "1240"]
[BlackElo "1499"]
[PlyCount "51"]
[EventDate "2010.??.??"]

1. e4 c5 2. Nf3 Nc6 3. Nc3 g6 4. Bc4 Bg7 5. d3 e6 6. Nb5 d6 7. Bf4 e5 8. Ng5
Be6 9. Nxe6 fxe6 10. Be3 Nge7 11. Bxe6 Qa5+ 12. Nc3 Nd4 13. Bb3 O-O-O 14. Qd2
Rde8 15. Nd5 Qxd2+ 16. Bxd2 h6 17. Be3 Nxd5 18. Bxd4 Nb4 19. Bc3 Nc6 20. O-O-O
Rhf8 21. Rhf1 h5 22. h3 b5 23. Bd5 Nb8 24. a3 Kc7 25. Rde1 Na6 26. Bb7 {
Suite illisible->} 1/2-1/2

[Event "Open Sud 2010/2011"]
[Site "Marseille Echecs 7 rue Papety"]
[Date "2010.12.04"]
[Round "1"]
[White "Parmeggiani, Marilene"]
[Black "Potratz, Yannick"]
[Result "1-0"]
[WhiteElo "1499"]
[BlackElo "1009"]
[PlyCount "93"]
[EventDate "2010.??.??"]

1. c4 e5 2. Nc3 Nf6 3. d4 exd4 4. Qxd4 Nc6 5. Qd3 Bc5 6. Be3 Bxe3 7. Qxe3+ Qe7
8. Qxe7+ Nxe7 9. f3 d5 10. e4 d4 11. Nb5 c5 12. Nc7+ Kd7 13. Nxa8 b6 14. Bd3
Bb7 15. Nxb6+ axb6 16. a4 Ra8 17. b3 Ke8 18. Ne2 Bc8 19. h3 h6 20. e5 Nd7 21.
f4 g5 22. g3 f6 23. e6 Nf8 24. f5 Bb7 25. Rf1 Bg2 26. Rf2 Bxh3 27. Ng1 Bg4 28.
Kd2 Kd8 29. Be2 Bxe2 30. Kxe2 Kc7 31. Kd3 Kd6 32. g4 Ke5 33. Re1+ Kd6 34. Rh2
Ng8 35. Ne2 Re8 36. Ng3 Kc7 37. Rhe2 Kd6 38. Nh5 Re7 39. Re4 Re8 40. b4 Ke7 41.
bxc5 bxc5 42. Ra1 Ra8 43. a5 Ra6 44. Re2 Kd6 45. Rb2 Ne7 46. Nxf6 Ke5 47. Nd5 {
Suite illisible->} 1-0

[Event "Open Sud 2010/2011"]
[Site "Marseille Echecs"]
[Date "2010.12.04"]
[Round "1"]
[White "Mohammed, Gibran"]
[Black "De Albera, Pierre"]
[Result "1-0"]
[WhiteElo "1410"]
[BlackElo "1410"]
[PlyCount "84"]
[EventDate "2010.??.??"]

1. e4 c6 2. Nc3 d5 3. exd5 cxd5 4. d4 Nf6 5. Bf4 a6 6. Nf3 Bg4 7. h3 Bf5 8. Bd3
Ne4 9. Bxe4 dxe4 10. Ng5 Nc6 11. d5 Nb4 12. Ngxe4 Rc8 13. a3 Bxe4 14. axb4 Bxg2
15. Rh2 Rc4 16. Rxg2 Rxf4 17. b5 a5 18. Qd2 Rf6 19. Ne4 Rh6 20. Qxa5 g6 21.
Qxd8+ Kxd8 22. Ng5 Rg8 23. Nxf7+ Kc7 24. Nxh6 Bxh6 25. Rg4 Kd6 26. Ra7 Kc7 27.
Rc4+ Kb6 28. Raa4 Bg7 29. c3 Be5 30. Re4 Bd6 31. c4 Rf8 32. Re6 Rf3 33. b4 Rxh3
34. Ra5 Kc7 35. c5 b6 36. cxd6+ exd6 37. Ra7+ Kb8 38. Rae7 Rc3 39. Rxh7 Rc4 40.
Ree7 Rc2 41. Rh8+ Rc8 42. Rxc8+ Kxc8 1-0

[Event "Open Sud 2010/2011"]
[Site "Marseille Echecs"]
[Date "2010.12.04"]
[Round "1"]
[White "Derobert, Yves"]
[Black "Avedissian, Andre"]
[Result "0-1"]
[WhiteElo "1499"]
[BlackElo "1540"]
[PlyCount "42"]
[EventDate "2010.??.??"]

1. g3 e5 2. Bg2 Nf6 3. c4 c5 4. Nc3 Nc6 5. d3 d6 6. Nf3 h6 7. O-O Be6 8. h3 Qd7
9. a3 Bxh3 10. Re1 Be7 11. e4 Bg4 12. Nd5 Nxd5 13. cxd5 Nd4 14. b3 f5 15. b4
O-O 16. bxc5 dxc5 17. Re3 Bg5 18. Nxe5 Qc8 19. Qd2 Bxe3 20. Qxe3 Nc2 21. Nxg4
Nxe3 0-1

[Event "Open Sud 2010/2011"]
[Site "Marseille Echecs"]
[Date "2010.12.04"]
[Round "2"]
[White "Andrieu, Luc"]
[Black "Deregnaucourt, Yves"]
[Result "1-0"]
[WhiteElo "1499"]
[BlackElo "1756"]
[PlyCount "107"]
[EventDate "2010.??.??"]

1. d4 Nf6 2. c4 c5 3. Nf3 cxd4 4. Nxd4 e5 5. Nf3 Nc6 6. a3 d5 7. cxd5 Nxd5 8.
e4 Qa5+ 9. Bd2 Ndb4 10. Nc3 Bg4 11. axb4 Bxf3 12. bxa5 Bxd1 13. Rxd1 Bc5 14.
Nd5 O-O 15. b4 Bd4 16. Bc4 Rad8 17. b5 Nb8 18. Be3 Bxe3 19. Nxe3 Nd7 20. Ke2 g6
21. Rd6 Nc5 22. Rxd8 Rxd8 23. Bd5 b6 24. a6 Kg7 25. Rd1 h5 26. Nc4 Na4 27. Rd3
f5 28. exf5 gxf5 29. Nxe5 Re8 30. f4 Nc5 31. Rg3+ Kh7 32. Kf3 Rd8 33. Bc6 Ne4
34. Rh3 Nd2+ 35. Ke2 Rd4 36. Rxh5+ Kg7 37. Bf3 Ne4 38. Bxe4 Rxe4+ 39. Kf3 Rb4
40. Rxf5 Rxb5 41. Rg5+ Kh7 42. Nc6 Rb3+ 43. Ke4 Ra3 44. Nxa7 Rxa6 45. Nb5 Kh6
46. Rd5 Ra2 47. Rg5 Ra4+ 48. Ke5 Rb4 49. Nd4 Rb1 50. Kf5 b5 51. Ke5 b4 52. Rg3
Re1+ 53. Kf6 Rd1 54. Rh3# 1-0

[Event "Open Sud 2010/2011"]
[Site "Marseille Echecs"]
[Date "2010.12.04"]
[Round "2"]
[White "Parmeggiani, Marilene"]
[Black "Panagiotopoulos, Christos"]
[Result "0-1"]
[WhiteElo "1499"]
[BlackElo "1680"]
[PlyCount "70"]
[EventDate "2010.??.??"]

1. c4 Nf6 2. Nc3 g6 3. d4 d6 4. d5 Bg7 5. Bd2 c6 6. e4 cxd5 7. cxd5 O-O 8. Be2
a6 9. Bd3 Nbd7 10. Rc1 b5 11. b4 Nb6 12. h3 Bd7 13. Nf3 Rc8 14. O-O Nc4 15.
Bxc4 Rxc4 16. a3 Nxe4 17. Nxe4 Rxe4 18. Re1 Rxe1+ 19. Qxe1 e5 20. dxe6 Bxe6 21.
Bg5 Bf6 22. Bh6 Re8 23. Qd2 Bc4 24. Ng5 Bg7 25. Bxg7 Kxg7 26. Qf4 h6 27. Ne4
Re5 28. Re1 f5 29. f3 fxe4 30. Rxe4 Qe7 31. h4 Rxe4 32. fxe4 Qe5 33. Qe3 h5 34.
g3 Qa1+ 35. Kg2 Qf1+ 0-1

[Event "Open Sud 2010/2011"]
[Site "Marseille Echecs"]
[Date "2010.12.04"]
[Round "2"]
[White "Tchifteyan, Philippe"]
[Black "Moulin, Gerard"]
[Result "1/2-1/2"]
[WhiteElo "1669"]
[BlackElo "1460"]
[PlyCount "138"]
[EventDate "2010.??.??"]

1. e4 d6 2. Nf3 Nf6 3. Nc3 g6 4. d4 Bg7 5. Be3 O-O 6. Bc4 Bg4 7. h3 Bxf3 8.
Qxf3 Nc6 9. O-O-O Na5 10. Be2 c6 11. g4 b5 12. h4 Nc4 13. h5 Nxe3 14. Qxe3 Qc8
15. hxg6 fxg6 16. g5 Ng4 17. Qh3 h5 18. Bxg4 Qxg4 19. Qxg4 hxg4 20. Rhf1 Rf4
21. a3 a5 22. Rde1 Raf8 23. e5 dxe5 24. dxe5 R8f5 25. Ne4 Rxe5 26. Kd2 Rd5+ 27.
Kc1 Rff5 28. Rg1 Rf3 29. c3 Rf8 30. Kc2 Re5 31. Kd3 c5 32. Nd2 c4+ 33. Kc2 Rxf2
34. Kd1 Rd5 35. Re2 Rxe2 36. Kxe2 Rxg5 37. Ne4 Re5 38. Ke3 Rd5 39. Rxg4 Bh6+
40. Ke2 Kg7 41. Rg1 b4 42. axb4 axb4 43. Ra1 bxc3 44. bxc3 Re5 45. Kf3 g5 46.
Rg1 Kg6 47. Nd2 Rf5+ 48. Ke4 Rf4+ 49. Kd5 Bg7 50. Rc1 g4 51. Nxc4 e6+ 52. Kc5
Rf5+ 53. Kb4 g3 54. Nd2 Bh6 55. Rd1 Bxd2 56. Rxd2 Rf2 57. Rd3 Kf5 58. Rxg3 Kf4
59. Rg8 e5 60. c4 e4 61. c5 e3 62. c6 Rb2+ 63. Kc3 e2 64. Re8 Rb5 65. Kd4 Rb4+
66. Kd3 Rb6 67. c7 Rc6 68. Rf8+ Ke5 69. Kxe2 Rxc7 1/2-1/2

[Event "Open Sud 2010/2011"]
[Site "Marseille Echecs"]
[Date "2010.12.04"]
[Round "2"]
[White "Avedissian, Andre"]
[Black "Mohammed, Gibran"]
[Result "0-1"]
[WhiteElo "1540"]
[BlackElo "1410"]
[PlyCount "60"]
[EventDate "2010.??.??"]

1. e4 e5 2. Nf3 Nc6 3. Bc4 Bc5 4. O-O d6 5. h3 f5 6. d3 Nf6 7. a3 f4 8. Ng5 Rf8
9. b4 Bd4 10. c3 Bb6 11. Nxh7 Nxh7 12. Qh5+ Kd7 13. Qxh7 Qe7 14. Nd2 Kd8 15.
Nf3 Bd7 16. Nh4 g5 17. Qxe7+ Nxe7 18. Nf3 g4 19. hxg4 Bxg4 20. Ng5 a6 21. Be6
Bh5 22. Nh7 Rh8 23. Nf6 Be2 24. Re1 Bxd3 25. Bb2 f3 26. Rac1 fxg2 27. c4 Rh6
28. Bd5 Rxf6 29. Bxb7 Rb8 30. Bxa6 Bxf2+ 0-1

[Event "Open Sud 2010/2011"]
[Site "Marseille Echecs"]
[Date "2010.12.04"]
[Round "2"]
[White "Kaftandjian, Patrick"]
[Black "Danielian, Kevin"]
[Result "0-1"]
[WhiteElo "1499"]
[BlackElo "1290"]
[PlyCount "48"]
[EventDate "2010.??.??"]

1. d4 d5 2. e3 Nf6 3. Nf3 Bg4 4. Nbd2 e6 5. c3 Bd6 6. Be2 Bxf3 7. Nxf3 Nbd7 8.
O-O O-O 9. Bd3 e5 10. Bc2 e4 11. Nh4 c6 12. g3 Re8 13. Nf5 Qc7 14. Nxd6 Qxd6
15. b3 Nf8 16. c4 Ne6 17. c5 Qc7 18. b4 Ng5 19. Kg2 Qd7 20. Kh1 Qh3 21. f4 Ng4
22. Qe2 Nf3 23. Rf2 Re6 24. Qf1 Nxf2+ 0-1

[Event "Open Sud 2010/2011"]
[Site "Marseille Echecs"]
[Date "2010.12.04"]
[Round "2"]
[White "Derige, Yan"]
[Black "Bertrand, Nicolas"]
[Result "1-0"]
[WhiteElo "1420"]
[BlackElo "1240"]
[PlyCount "37"]
[EventDate "2010.??.??"]

1. d4 d5 2. c4 e6 3. Nc3 Nf6 4. Nf3 Nc6 5. Bg5 Be7 6. e3 Bd7 7. a3 O-O 8. Bd3
h6 9. Bxf6 Bxf6 10. cxd5 exd5 11. Bc2 Be6 12. O-O Be7 13. b4 a6 14. Rb1 Qc8 15.
Na4 b6 16. Rc1 Qd7 17. Bb1 Bd6 18. Qc2 Ne7 19. Qh7# 1-0

[Event "Open Sud 2010/2011"]
[Site "Marseille Echecs"]
[Date "2010.12.04"]
[Round "2"]
[White "Fenoul, Julien"]
[Black "Bossy, Romain"]
[Result "1/2-1/2"]
[WhiteElo "1710"]
[BlackElo "1630"]
[PlyCount "74"]
[EventDate "2010.??.??"]

1. e4 e5 2. Nf3 Nc6 3. Bc4 h6 4. d4 exd4 5. Nxd4 Bc5 6. Nxc6 bxc6 7. b3 Qf6 8.
Qf3 d5 9. Qxf6 Nxf6 10. exd5 Ne4 11. Bb2 Nxf2 12. Rf1 Ng4 13. Bxg7 Rg8 14. Bf6
Nxf6 15. Rxf6 Rxg2 16. c3 Bd6 17. Nd2 Rxh2 18. O-O-O Ba3+ 19. Kb1 Bg4 20. Re1+
Kf8 21. dxc6 Bh5 22. Rxh6 Kg7 23. Rxh5 Rxh5 24. Rg1+ Kf6 25. Rf1+ Rf5 26. Ne4+
Ke5 27. Rxf5+ Kxf5 28. Ng3+ Kg6 29. b4 Rh8 30. Ne4 f5 31. Nc5 Rh1+ 32. Kc2 Bc1
33. Ne6 Kf6 34. Nxc7 Bf4 35. Nd5+ Ke5 36. Nxf4 Kxf4 37. c7 Rh8 1/2-1/2

[Event "Open Sud 2010/2011"]
[Site "Marseille Echecs"]
[Date "2010.12.04"]
[Round "2"]
[White "Cheraki, Roger"]
[Black "Ouahhoud, Yassine"]
[Result "1-0"]
[WhiteElo "1630"]
[BlackElo "1430"]
[PlyCount "36"]
[EventDate "2010.??.??"]

1. d4 d5 2. c4 e6 3. Nc3 Nf6 4. Bg5 c5 5. e3 Nc6 6. Nf3 cxd4 7. Nxd4 e5 8. Nxc6
bxc6 9. cxd5 cxd5 10. Bb5+ Bd7 11. Bxd7+ Qxd7 12. O-O Be7 13. Rc1 O-O 14. Bxf6
Bxf6 15. Nxd5 Rfd8 16. e4 Bg5 17. Rc3 Qe6 18. a4 Bf4 {Suite illisible->} 1-0

[Event "Open Sud 2010/2011"]
[Site "Marseille Echecs"]
[Date "2010.12.04"]
[Round "2"]
[White "De Albera, Pierre"]
[Black "Derobert, Yves"]
[Result "1-0"]
[WhiteElo "1410"]
[BlackElo "1499"]
[PlyCount "67"]
[EventDate "2010.??.??"]

1. d4 Nf6 2. c4 g6 3. Nf3 Bg7 4. g3 O-O 5. Bg2 Nc6 6. e3 d5 7. cxd5 Nxd5 8. Nc3
e6 9. O-O f5 10. Re1 Na5 11. Nxd5 Qxd5 12. b3 Qb5 13. Rb1 Qb4 14. Qc2 c6 15.
Bd2 Qb6 16. b4 Qd8 17. bxa5 Rb8 18. a6 b6 19. Qxc6 Bd7 20. Qc2 Rc8 21. Qb2 Rb8
22. Bc3 Bc8 23. Qe2 Bd7 24. Red1 Qe7 25. Bb4 Qf6 26. Bxf8 Qxf8 27. Ne5 Ba4 28.
Rd2 Qa3 29. Qc4 Re8 30. Bc6 Rc8 31. Qxe6+ Kh8 32. Qxc8+ Bf8 33. Bxa4 Qe7 34.
Rc1 {Suite illisible->} 1-0

[Event "Open Sud 2010/2011"]
[Site "Marseille Echecs"]
[Date "2010.12.04"]
[Round "2"]
[White "Savalle, Nicolas"]
[Black "Druel, Patrice"]
[Result "1-0"]
[WhiteElo "1480"]
[BlackElo "1290"]
[PlyCount "55"]
[EventDate "2010.??.??"]

1. d4 Nf6 2. Bg5 h6 3. Bxf6 gxf6 4. Nf3 Nc6 5. e3 d5 6. Bb5 Bd7 7. Nc3 e6 8.
O-O Qe7 9. a3 a6 10. Ba4 O-O-O 11. Qd3 Nb8 12. Bxd7+ Rxd7 13. e4 Rg8 14. Rfe1
f5 15. exd5 Qf6 16. dxe6 fxe6 17. Qe3 Re7 18. Ne2 Qg6 19. Nf4 Qg7 20. g3 Nd7
21. Qb3 Qf6 22. Rxe6 Qg7 23. Rxe7 Bxe7 24. Qc3 Bd6 25. Nd3 b6 26. Nde5 Nf6 27.
Qc6 f4 28. Qa8# 1-0

[Event "Open Sud 2010/2011"]
[Site "Marseille Echecs"]
[Date "2010.12.04"]
[Round "2"]
[White "Ouahhoud, Amine"]
[Black "Potratz, Yannick"]
[Result "1-0"]
[WhiteElo "1460"]
[BlackElo "1009"]
[PlyCount "81"]
[EventDate "2010.??.??"]

1. d4 d5 2. c4 e6 3. Nf3 Nf6 4. Bg5 Be7 5. e3 h6 6. Bf4 Nc6 7. Nbd2 b6 8. Be2
O-O 9. Qc2 Bb7 10. Rc1 Bd6 11. Bxd6 Qxd6 12. c5 Qd7 13. cxb6 axb6 14. Bb5 Nb4
15. Bxd7 Nxc2+ 16. Rxc2 Nxd7 17. Rxc7 Bc8 18. a3 Nf6 19. O-O Ba6 20. Rfc1 Rfc8
21. Rxc8+ Rxc8 22. Rxc8+ Bxc8 23. Ne5 Ba6 24. f3 Bb7 25. Nd3 Kf8 26. Nf2 h5 27.
e4 dxe4 28. Nfxe4 Ke7 29. Nxf6 Kxf6 30. Ne4+ Kf5 31. Nd6+ Kf4 32. Nxb7 Ke3 33.
Nd6 f6 34. Nb5 Kd3 35. Nc7 Kxd4 36. Nxe6+ Kd3 37. Nxg7 Kc2 38. Nxh5 Kxb2 39.
Nxf6 Kxa3 40. h4 Kb3 41. h5 1-0

[Event "Open Sud 2010/2011"]
[Site "Marseille Echecs"]
[Date "2011.01.08"]
[Round "3"]
[White "Panagiotopoulos, Christos"]
[Black "Mohammed, Gibran"]
[Result "1-0"]
[WhiteElo "1680"]
[BlackElo "1410"]
[PlyCount "23"]
[EventDate "2011.??.??"]

1. e4 e5 2. Nf3 Nc6 3. Bc4 Be7 4. c3 d6 5. d4 Na5 6. Qa4+ c6 7. Be2 Bd7 8. b4
b6 9. bxa5 bxa5 10. dxe5 d5 11. exd5 cxd5 12. Bb5 1-0

[Event "Open Sud 2010/2011"]
[Site "Marseille Echecs"]
[Date "2011.01.08"]
[Round "3"]
[White "Danielian, Kevin"]
[Black "Andrieu, Luc"]
[Result "1-0"]
[WhiteElo "1290"]
[BlackElo "1499"]
[PlyCount "55"]
[EventDate "2011.??.??"]

1. d4 Nf6 2. c4 g6 3. g3 Bg7 4. Nf3 c6 5. Bg2 O-O 6. O-O d5 7. Nc3 dxc4 8. e4
Be6 9. Bf4 h6 10. Qd2 Kh7 11. Be5 Bg4 12. Bxf6 Bxf6 13. e5 Bxf3 14. exf6 Bg4
15. fxe7 Qxe7 16. Rfe1 Qd8 17. Qf4 Bf5 18. Ne4 Qxd4 19. Ng5+ hxg5 20. Qxd4 Be6
21. h4 gxh4 22. Re4 f6 23. Rxe6 Na6 24. Qxh4+ Kg7 25. Re7+ Rf7 26. Rxf7+ Kxf7
27. Qh7+ Ke6 28. Re1+ 1-0

[Event "Open Sud 2010/2011"]
[Site "Marseille Echecs"]
[Date "2011.01.08"]
[Round "3"]
[White "Moulin, Gerard"]
[Black "Derige, Yan"]
[Result "1-0"]
[WhiteElo "1460"]
[BlackElo "1420"]
[PlyCount "55"]
[EventDate "2011.??.??"]

1. c4 e5 2. Nc3 Nf6 3. Nf3 Nc6 4. g3 Bc5 5. Bg2 d6 6. O-O Be6 7. b3 O-O 8. d3
Nd4 9. e3 Nxf3+ 10. Bxf3 c6 11. d4 Bb4 12. Bb2 Bxc3 13. Bxc3 e4 14. Bg2 d5 15.
cxd5 cxd5 16. f3 exf3 17. Bxf3 Rc8 18. Rc1 Qd7 19. Qe1 Bh3 20. Bg2 Rfe8 21.
Bxh3 Qxh3 22. Qf2 Ng4 23. Qd2 Rxe3 24. Bb2 Rce8 25. Rc7 Re2 26. Qxe2 Rd8 27.
Rfxf7 b6 28. Rxg7+ 1-0

[Event "Open Sud 2010/2011"]
[Site "Marseille Echecs"]
[Date "2011.01.08"]
[Round "3"]
[White "Deregnaucourt, Yves"]
[Black "Tchifteyan, Philippe"]
[Result "1/2-1/2"]
[WhiteElo "1756"]
[BlackElo "1669"]
[PlyCount "111"]
[EventDate "2011.??.??"]

1. e4 c5 2. d4 cxd4 3. c3 e6 4. cxd4 Be7 5. Nf3 Nf6 6. Nc3 d6 7. Bd3 Nc6 8. Qe2
e5 9. dxe5 Nxe5 10. Bb5+ Nc6 11. O-O O-O 12. Rd1 Qc7 13. Bg5 Be6 14. Rac1 Qb8
15. Nd5 Bxd5 16. exd5 Ne5 17. Nh4 h6 18. Nf5 hxg5 19. Nxe7+ Kh8 20. Rc3 g6 21.
Rh3+ Kg7 22. Qe3 Rh8 23. Rxh8 Qxh8 24. Qxg5 Kf8 25. f4 Neg4 26. h3 Nf2 27.
Nxg6+ fxg6 28. Re1 N2e4 29. Qxg6 Qh4 30. Rxe4 Nxe4 31. Qxe4 Qf6 32. g4 Rc8 33.
g5 Rc1+ 34. Bf1 Qxb2 35. Qf5+ Ke7 36. Qe6+ Kf8 37. Qxd6+ Kg8 38. Qd8+ Kf7 39.
Qd7+ Kf8 40. Qd8+ Kf7 41. Qd7+ Kf8 42. Qf5+ Ke8 43. Qe5+ Qxe5 44. fxe5 Re1 45.
Kf2 Rxe5 46. h4 Rxd5 47. Bg2 Rb5 48. Kg3 b6 49. Kg4 Kf8 50. h5 Ra5 51. h6 Rxa2
52. Bd5 Rd2 53. Bb3 Rb2 54. Bd5 Rd2 55. Bb3 Rb2 56. Bd5 1/2-1/2

[Event "Open Sud 2010/2011"]
[Site "Marseille Echecs"]
[Date "2011.01.08"]
[Round "3"]
[White "Bossy, Romain"]
[Black "Savalle, Nicolas"]
[Result "1-0"]
[WhiteElo "1630"]
[BlackElo "1480"]
[PlyCount "65"]
[EventDate "2011.??.??"]

1. e4 Nf6 2. Nc3 e5 3. Nf3 Bb4 4. d4 Bxc3+ 5. bxc3 exd4 6. e5 Ng8 7. cxd4 d6 8.
Bb2 f6 9. g3 a6 10. Bg2 Nc6 11. Qe2 Qe7 12. O-O Bg4 13. Rfe1 O-O-O 14. e6 d5
15. c4 Qb4 16. cxd5 Rxd5 17. Qe4 Bxf3 18. Bxf3 Nge7 19. Qc2 Rb5 20. Rab1 Nxd4
21. Bxd4 Qxd4 22. Re4 Rxb1+ 23. Qxb1 Qd6 24. Rb4 b6 25. Qe4 c6 26. Rxb6 Kc7 27.
Qb1 Qxe6 28. Rb7+ Kd6 29. Qb4+ c5 30. Qb6+ Ke5 31. Qxc5+ Nd5 32. Re7 Qxe7 33.
Qxd5# 1-0